[Event "Wohlen op 4th"]
[Site "Wohlen"]
[Date "2023.08.26"]
[Round "2"]
[White "Neves, Vincent"]
[Black "Guarisco, Renzo"]
[Result "1-0"]
[WhiteElo "1841"]
[BlackElo "1597"]
[PlyCount "45"]
[EventDate "2023.08.25"]
[EventType "swiss"]
[EventRounds "5"]
[EventCountry "SUI"]
[SourceTitle "EXT 2024"]
[Source "ChessBase"]
[SourceDate "2023.10.10"]
[SourceVersion "1"]
[SourceVersionDate "2023.10.10"]
[SourceQuality "1"]

1. e4 d5 2. exd5 Qxd5 3. Nc3 Qd6 4. d4 c6 5. Nf3 Bg4 6. Bc4 Nf6 7. Be3 Nbd7 8. h3 Bh5 9. Qe2 e6 10. 0-0-0 0-0-0 11. g4 Bg6 12. Ne5 Qc7 13. h4 h5 14. Nxg6 fxg6 15. Bxe6 Bd6 16. g5 Rhe8 17. Bf7 Re7 18. Bxg6 Ng4 19. Bxh5 Nxe3 20. fxe3 Bf4 21. Rh3 Kb8 22. Rf1 Nb6 23. Rxf4 1-0

[Event "Stein am Rhein op 12th"]
[Site "Stein am Rhein"]
[Date "2021.11.06"]
[Round "2"]
[White "Schnell, Simon"]
[Black "Guarisco, Renzo"]
[Result "1-0"]
[WhiteElo "1821"]
[BlackElo "1622"]
[PlyCount "47"]
[EventDate "2021.11.05"]
[EventType "swiss"]
[EventRounds "5"]
[EventCountry "SUI"]
[SourceTitle "EXT 2023"]
[Source "ChessBase"]
[SourceDate "2022.10.05"]
[SourceVersion "1"]
[SourceVersionDate "2022.10.05"]
[SourceQuality "1"]

1. d4 Nf6 2. c4 c6 3. Nc3 d5 4. Nf3 h6 5. cxd5 cxd5 6. Qb3 Nc6 7. Bf4 a6 8. e3 e6 9. Bd3 Bd6 10. Bxd6 Qxd6 11. 0-0 0-0 12. Na4 Nb4 13. Be2 Bd7 14. Nc5 a5 15. Nxb7 a4 16. Nxd6 axb3 17. axb3 Rxa1 18. Rxa1 Rb8 19. Ne5 Be8 20. g3 Nc6 21. Nxe8 Nxe5 22. Nxf6+ gxf6 23. dxe5 fxe5 24. Ra7 1-0

[Event "Stein am Rhein op 11th"]
[Site "Stein am Rhein"]
[Date "2020.02.07"]
[Round "1"]
[White "Guarisco, Renzo"]
[Black "Collin, Moritz Valentin"]
[Result "0-1"]
[WhiteElo "1645"]
[BlackElo "1947"]
[PlyCount "60"]
[EventDate "2020.02.07"]
[EventType "swiss"]
[EventRounds "5"]
[EventCountry "SUI"]
[SourceTitle "CBM 195 Extra"]
[Source "ChessBase"]
[SourceDate "2020.05.31"]
[SourceVersion "1"]
[SourceVersionDate "2020.05.31"]
[SourceQuality "1"]

1. d4 Nf6 2. Nf3 d5 3. e3 c5 4. b3 Nc6 5. a3 Bg4 6. Bb2 e6 7. Nbd2 Bd6 8. Bd3 0-0 9. 0-0 Nd7 10. h3 Bh5 11. c4 dxc4 12. bxc4 e5 13. d5 Ne7 14. Qc2 f5 15. Ng5 Qe8 16. e4 f4 17. Ngf3 Kh8 18. g4 fxg3 19. fxg3 Qg6 20. Kh2 Rf6 21. Nh4 Qh6 22. Nf5 Nxf5 23. exf5 Bg4 24. h4 e4 25. Nxe4 Qxh4+ 26. Kg1 Bxg3 27. Bxf6 gxf6 28. Qg2 Be5 29. Ra2 Bh3 30. Qf3 Rg8+ 0-1